Logos that Start with A - Statistics

General Stats
  • This quiz has been taken 73 times
  • The average score is 11 of 16
Answer Stats
Picture Answer % Correct
Adidas
100%
Apple
100%
Amazon
99%
Audi
94%
American Express
93%
Android
84%
Airbnb
75%
Adobe
73%
Atari
70%
Asics
67%
Acura
51%
Adult Swim
48%
Aol.
37%
Allianz
28%
AMD
22%
Asus
13%
No matching quizzes found
Score Distribution
Percent of People with Each Score
Percentile by Number Answered
Your Score History
You have not taken this quiz